00856nam a2200205 4500001000700000003000900007005001700016007000300033008004100036100003700077245009700114260005100211300002200262490006800284710004900352830007600401852003200477999001900509952012200528112759ES-MaACL20230906185624.0t|061121s1971 sp r ||||1| spa d1 aMurga Gener, José Luis.98457113aLa venta de las `Res Divini Iuris` en el Derecho Romano tardío /cJosé Luis Murga Gener. aSantigo de Compostela : bUniversidad, c1971. a101 p. ; c24 cm.1 aMonografías de la Universidad de Santiago de Compostela ; v42 aUniversidad de Santiago de Compostela.972940 aMonografías de la Universidad de Santiago de Compostela ; v49181904 aES-MaACLjC-44482 bR.77478 c112759d112759 00104070aATENEOMbATENEOMcDEPO2d2008-01-17eSCl0oC-44482p1117617r2023-02-23 00:00:00w2023-02-23yMONOGRAFIA